John Aubrey and his friends. (Запис № 514423)
[ простий вигляд ]
| 000 -LEADER | |
|---|---|
| fixed length control field | 01546cam a2200397I 4500 |
| 001 - CONTROL NUMBER | |
| control field | johnaubreyhisfri00powe |
| 003 - CONTROL NUMBER IDENTIFIER | |
| control field | CaSfIA |
| 005 - DATE AND TIME OF LATEST TRANSACTION | |
| control field | 20210118161329.0 |
| 007 - PHYSICAL DESCRIPTION FIXED FIELD--GENERAL INFORMATION | |
| fixed length control field | cr|||| |
| 008 - FIXED-LENGTH DATA ELEMENTS--GENERAL INFORMATION | |
| fixed length control field | 750523s1948 enk 000 0 eng d |
| 040 ## - CATALOGING SOURCE | |
| Original cataloging agency | CIN |
| Transcribing agency | CIN |
| Modifying agency | NZWTU |
| -- | OCLCQ |
| -- | OCLCG |
| -- | UKTTE |
| -- | CaSfIA |
| 035 ## - SYSTEM CONTROL NUMBER | |
| System control number | (OCoLC)1354623 |
| 050 #4 - LIBRARY OF CONGRESS CALL NUMBER | |
| Classification number | DA93.A8 |
| Item number | P68 1948 |
| 082 04 - DEWEY DECIMAL CLASSIFICATION NUMBER | |
| Classification number | 828.4 |
| Edition number | 20 |
| 029 1# - (OCLC) | |
| OCLC library identifier | NLGGC |
| System control number | 097848190 |
| 029 1# - (OCLC) | |
| OCLC library identifier | NLGGC |
| System control number | 237216612 |
| 029 1# - (OCLC) | |
| OCLC library identifier | NZ1 |
| System control number | 3989710 |
| 029 1# - (OCLC) | |
| OCLC library identifier | AU@ |
| System control number | 000010248809 |
| 029 1# - (OCLC) | |
| OCLC library identifier | AU@ |
| System control number | 000004158016 |
| 029 1# - (OCLC) | |
| OCLC library identifier | UNITY |
| System control number | 117020648 |
| 029 1# - (OCLC) | |
| OCLC library identifier | UKCEL |
| System control number | vl0114765x |
| 029 1# - (OCLC) | |
| OCLC library identifier | UNITY |
| System control number | 058811222 |
| 029 1# - (OCLC) | |
| OCLC library identifier | LWM |
| System control number | BRN0082917 |
| 100 1# - MAIN ENTRY--PERSONAL NAME | |
| Personal name | Powell, Anthony, |
| Dates associated with a name | 1905-2000. |
| 245 10 - TITLE STATEMENT | |
| Title | John Aubrey and his friends. |
| Medium | [electronic resource] |
| 260 ## - PUBLICATION, DISTRIBUTION, ETC. (IMPRINT) | |
| Place of publication, distribution, etc | London, |
| Name of publisher, distributor, etc | Eyre & Spottiswoode |
| Date of publication, distribution, etc | [1948] |
| 300 ## - PHYSICAL DESCRIPTION | |
| Extent | 335 p. |
| Other physical details | illus. |
| Dimensions | 23 cm. |
| 504 ## - BIBLIOGRAPHY, ETC. NOTE | |
| Bibliography, etc | Includes bibliographies. |
| 506 ## - RESTRICTIONS ON ACCESS NOTE | |
| Standardized terminology for access restriction | Необхідна авторизація на https://archive.org/ (створення облікового запису безкоштовно) |
| 506 ## - RESTRICTIONS ON ACCESS NOTE | |
| Standardized terminology for access restriction | Необхідна авторизація на https://openlibrary.org/ (створення облікового запису безкоштовно) |
| 600 10 - SUBJECT ADDED ENTRY--PERSONAL NAME | |
| Personal name | Aubrey, John, |
| Dates associated with a name | 1626-1697. |
| 600 14 - SUBJECT ADDED ENTRY--PERSONAL NAME | |
| Personal name | Aubrey, John. |
| 856 41 - ELECTRONIC LOCATION AND ACCESS | |
| Uniform Resource Identifier | <a href="http://www.archive.org/details/johnaubreyhisfri00powe">http://www.archive.org/details/johnaubreyhisfri00powe</a> |
| Public note | Free eBook from the Internet Archive |
| 856 42 - ELECTRONIC LOCATION AND ACCESS | |
| Uniform Resource Identifier | <a href="http://www.openlibrary.org/books/OL24211398M">http://www.openlibrary.org/books/OL24211398M</a> |
| Public note | Additional information and access via Open Library |
| 942 ## - ADDED ENTRY ELEMENTS (KOHA) | |
| Koha item type | ЕКнига |
Немає доступних примірників.